Statistics for Random Polish Words

Click here to take the quiz!

General Stats

  • This quiz has been taken 341 times
    (338 since last reset)
  • The average score is 13 of 16

Answer Stats

PolishEnglish% Correct
NieNo
99%
PolskaPoland
99%
EuropaEurope
97%
TakYes
95%
PopulacjaPopulation
86%
TeksasTexas
86%
DziękiThanks
86%
KategoriaCategory
85%
Arabia SaudyjskaSaudi Arabia
83%
MiastoCity
77%
Kraj/PaństwoCountry
77%
JęzykLanguage
74%
FlagiFlags
69%
WyspaIsland
66%
ŁatweEasy
64%
ŹródłoSource
48%

Score Distribution

Percentile by Number Answered

Percent of People with Each Score

Your Score History

You have not taken this quiz since the last reset